Local capital markets for environmental infrastructure : prospects in China, Kazakhstan, Russia and Ukraine /

Saved in:
Bibliographic Details
Main Author: Peterson, George (Author)
Corporate Author: Organisation for Economic Co-operation and Development, OECD (Paris, France)
Format: Book
Language:English
Published: Paris : OECD, 2006
Edition:[1st ed.]
Subjects:
ISBN:9264035958
Online Access: Get full text
Tags: Add Tag
No Tags, Be the first to tag this record!

MARC

LEADER 00000nam a2200000 4500
003 SK-BrCVT
005 20220617214009.0
006 a####e######000#0#
008 060907s2006 fr ####e######000#0#eng d
020 |a 9264035958 
035 |a CVTIDW1371405 
040 |b slo  |c CVT  |a CVTI SR  |e AACR2 
041 0 |a eng 
044 |a fr 
080 |a 336.76  |2 UDC-MRF 
080 |a 504:33  |2 UDC-MRF 
100 1 |a Peterson, George  |4 aut 
242 1 0 |a Miestne kapitálové trhy pre environmentálnu infraštruktúru  |b perspektívy Číny, Kazachstanu, Ruskej federácie a Ukrajiny  |y slo 
245 1 |a Local capital markets for environmental infrastructure :  |b prospects in China, Kazakhstan, Russia and Ukraine /  |c George Peterson 
250 |a [1st ed.] 
260 |a Paris :  |b OECD,  |c 2006 
300 |a 254 s. :  |b grafy, lit., tab. ; 
500 |a Environmental finance 
653 1 |a životné prostredie  |a ekonomika  |a financovanie  |a investície 
655 7 |2 SNKPH  |a prehľady 
710 2 |a Organisation for Economic Co-operation and Development, OECD (Paris, France) 
852 |a CVTISR  |b 1 
856 4 |u http://ezproxy.cvtisr.sk/login.php?url=https://doi.org/10.1787/9789264035966-en 
910 |a BA002  |b E000865  |b A598722 
919 |a 92-64-03595-8 
959 |a o31 
974 |a rita.zubonyaiova  |f Knihy 
992 |a APH 
999 |c 137821  |d 137821